000 00675nam a22001817a 4500
999 _c23030
_d23030
003 BDDh-ASL
005 20231015030204.0
008 210311n19561955pk ||||| |||| 00| 0 eng d
040 _aBDDh-ASL
_cBDDh-ASL
082 _a930.1095
_bKHM
100 1 _92439
_aKhan, F. A.
_cDr.
245 1 0 _aMainamati:
_bFurther Excavations in East Pakistan /
260 _aKarachi:
_bPakistan Publications,
_c1955-56?
300 _a33 p. :
_c23 cm.
650 0 _aArchaeology, প্রত্নতত্ত্ব Pratnatattba
_91567
650 0 _9399
_aপ্রত্নতত্ত্ব, Excavations (Archaeology)
_xবাংলাদেশ Bangladesh.
_zEast Pakistan
942 _2ddc
_cBK